| Поле | Инд. | ПП | Название | Значение |
|---|---|---|---|---|
| Тип записи | a | |||
| Библиографический уровень | m | |||
| 001 | Контрольный номер | 277c6440f7904fada153a1ac3c1d2353 | ||
| 005 | Дата корректировки | 20151006095812.4 | ||
| 008 | Кодируемые данные | 151002|||||||||ru |||||||||||||||||rus|| | ||
| 020 | a | ISBN | 978-5-7510-0629-7 | |
| 041 | 0_ | a | Код языка текста | rus |
| 084 | a | Индекс другой классификации/Индекс ББК | 78.34+78.37 | |
| 090 | a | Полочн. индекс | 78.34 | |
| x | Авторский знак | Б 77 | ||
| 100 | 1_ | a | Автор | Бойкова О. Ф. |
| 245 | 10 | a | Заглавие | Правовое регулирование библиотечно-информационных услуг |
| b | Продолж. заглавия | метод. рекомендации | ||
| c | Ответственность | Рос. гос. б-ка | ||
| 260 | a | Место издания | Москва | |
| b | Издательство | Пашков дом | ||
| c | Дата издания | 2014 | ||
| 300 | a | Объем | 50, [1] с. | |
| 440 | _0 | a | Серия | Библиотека библиотекаря |
| 500 | a | Примечание | Список норматив. актов: с. 48-51 | |
| 504 | a | Библиография | Библиогр.: с. 15-47 | |
| 650 | 04 | a | Основная рубрика | Библиотечно-информационные услуги-Правовое регулирование-Методические рекомендации |
| 653 | 0_ | a | Ключевые слова | Библиотеки |
| a | Ключевые слова | Библиотечно-информационные услуги | ||
| a | Ключевые слова | Правовое регулирование библиотечно-информационных услуг | ||
| 901 | t | Тип документа | m |